<?xml version="1.0" encoding="UTF-8"?>
<record
    xmlns:xsi="http://www.w3.org/2001/XMLSchema-instance"
    xsi:schemaLocation="http://www.loc.gov/MARC21/slim http://www.loc.gov/standards/marcxml/schema/MARC21slim.xsd"
    xmlns="http://www.loc.gov/MARC21/slim">

  <leader>01202    a2200205   4500</leader>
  <controlfield tag="001">36271</controlfield>
  <controlfield tag="005">20260407155639.0</controlfield>
  <controlfield tag="008">260407a1991    arg                 spa d</controlfield>
  <controlfield tag="003">AR-UNSa-BCEJYS</controlfield>
  <datafield tag="040" ind1=" " ind2=" ">
    <subfield code="a">AR-UNSa-BCEJYS</subfield>
    <subfield code="b">spa</subfield>
    <subfield code="c">AR-UNSa-BCEJYS</subfield>
  </datafield>
  <datafield tag="080" ind1=" " ind2=" ">
    <subfield code="a">658.012.2</subfield>
    <subfield code="x">Planificaci&#xF3;n. Programas. Planes. Medidas de apoyo a la planificaci&#xF3;n( Administraci&#xF3;n estrat&#xE9;gica...)</subfield>
  </datafield>
  <datafield tag="245" ind1="1" ind2="0">
    <subfield code="a">Direcci&#xF3;n estrat&#xE9;gica</subfield>
  </datafield>
  <datafield tag="020" ind1=" " ind2=" ">
    <subfield code="a">968-422-868-6</subfield>
  </datafield>
  <datafield tag="264" ind1=" " ind2="1">
    <subfield code="a">M&#xE9;xico :</subfield>
    <subfield code="b">McGraw-Hill</subfield>
    <subfield code="c">1991</subfield>
  </datafield>
  <datafield tag="300" ind1=" " ind2=" ">
    <subfield code="a">201 p.</subfield>
    <subfield code="c">23 cm.</subfield>
  </datafield>
  <datafield tag="505" ind1=" " ind2=" ">
    <subfield code="a">I.: El marco competitivo: 1. El potencial de beneficios de un negocio - 2. La esencia de los beneficios: la ventaja competitiva - 3. La estrategia competitiva - II.: Configurando la empresa : 5. Diversificaci&#xF3;n - 6. Integraci&#xF3;n vertical - 7. Estrategia internacional - 8. Competencia y cooperaci&#xF3;n - III.: La estrategia en acci&#xF3;n: 9. Estrategia para sectores muy competitivos - 10. Estrategias para introducirse en nuevos negocios - 11. La estrategia en la pr&#xE1;ctica - 12. Nota sobre planificaci&#xF3;n estrat&#xE9;gica - 13. Conclusi&#xF3;n: Hacia la direcci&#xF3;n estrat&#xE9;gica.</subfield>
  </datafield>
  <datafield tag="942" ind1=" " ind2=" ">
    <subfield code="c">BK</subfield>
  </datafield>
  <datafield tag="590" ind1=" " ind2=" ">
    <subfield code="a">niveau_biblio:m niveau_hierar:0</subfield>
  </datafield>
  <datafield tag="100" ind1="1" ind2=" ">
    <subfield code="a">Jarillo, Jos&#xE9;- Carlos</subfield>
  </datafield>
  <datafield tag="999" ind1=" " ind2=" ">
    <subfield code="c">2628</subfield>
    <subfield code="d">2628</subfield>
  </datafield>
  <datafield tag="952" ind1=" " ind2=" ">
    <subfield code="0">0</subfield>
    <subfield code="1">0</subfield>
    <subfield code="4">0</subfield>
    <subfield code="7">0</subfield>
    <subfield code="a">BCEJYS</subfield>
    <subfield code="b">BCEJYS</subfield>
    <subfield code="c">16</subfield>
    <subfield code="d">2026-04-07</subfield>
    <subfield code="l">0</subfield>
    <subfield code="o">658.012.2 J37</subfield>
    <subfield code="p">L53959</subfield>
    <subfield code="r">2026-04-07 15:56:39</subfield>
    <subfield code="w">2026-04-07</subfield>
    <subfield code="y">L</subfield>
  </datafield>
  <datafield tag="952" ind1=" " ind2=" ">
    <subfield code="0">0</subfield>
    <subfield code="1">0</subfield>
    <subfield code="4">0</subfield>
    <subfield code="7">0</subfield>
    <subfield code="a">BCEJYS</subfield>
    <subfield code="b">BCEJYS</subfield>
    <subfield code="c">16</subfield>
    <subfield code="d">2026-04-07</subfield>
    <subfield code="l">0</subfield>
    <subfield code="o">658.012.2 J37</subfield>
    <subfield code="p">L53831</subfield>
    <subfield code="r">2026-04-07 15:56:39</subfield>
    <subfield code="w">2026-04-07</subfield>
    <subfield code="y">L</subfield>
  </datafield>
</record>
